Vytváranie vlastných funkcií pre prácu s údajmi využitím jazyka VBA v MS Excel diplomová práca

Saved in:
Bibliographic Details
Main Author: Búri, Filip
Corporate Author: Fakulta hospodárskej informatiky EU. Katedra matematiky a aktuárstva
Other Authors: Mucha, Vladimír, 1976-
Format: Book
Language:Slovak
Published: Bratislava 2018
Tags: Add Tag
No Tags, Be the first to tag this record!

MARC

LEADER 00000nbm a2200000 4500
001 0245218
005 20180925080620.7
041 0 |a slo 
044 |a SK 
245 1 0 |a Vytváranie vlastných funkcií pre prácu s údajmi využitím jazyka VBA v MS Excel  |b diplomová práca  |c Filip Búri ; školiteľ: Vladimír Mucha 
264 1 |a Bratislava  |c 2018 
300 |a 72 s. 
100 1 |a Búri, Filip 
700 1 |a Mucha, Vladimír, 1976- 
710 2 |a Fakulta hospodárskej informatiky EU. Katedra matematiky a aktuárstva